000
00319nam a2200121Ia 4500
008
220216s9999 xx 000 0 und d
100
_a
Hastings J D
245
0
_a
Latex straining materials
260
_b
Journal of the Rubber Research Institute of Malaya
_c
1936
300
_a
55-67
700
_a
Sekar K C
942
_c
JS
999
_c
62087
_d
62087